[Event "Mittelfranken Mitte-ch"]
[Site "Nuremberg"]
[Date "2020.01.04"]
[Round "2.3"]
[White "Denninger, David"]
[Black "Ulusoy, Tolga"]
[Result "0-1"]
[WhiteElo "1775"]
[BlackElo "2039"]
[PlyCount "92"]
[EventDate "2020.01.03"]
[EventType "swiss"]
[EventRounds "7"]
[EventCountry "GER"]
[SourceTitle "EXT 2023"]
[Source "ChessBase"]
[SourceDate "2022.10.05"]
[SourceVersion "1"]
[SourceVersionDate "2022.10.05"]
[SourceQuality "1"]

1. d4 g6 2. Bf4 Bg7 3. e3 d6 4. c3 Nf6 5. Nd2 Nbd7 6. h4 e5 7. Bg3 Nh5 8. Bh2 f5 9. Qb3 Qxh4 10. Qe6+ Qe7 11. Qxe7+ Kxe7 12. dxe5 Bxe5 13. Bxe5 Nxe5 14. 0-0-0 Be6 15. Be2 Nf6 16. f3 c6 17. Nh3 a5 18. Kb1 Nd5 19. Nc4 b5 20. Nxe5 dxe5 21. Ng5 Nxe3 22. Rd2 h6 23. Nxe6 Kxe6 24. g4 h5 25. Rd3 f4 26. gxh5 Rxh5 27. Rg1 Rg8 28. c4 bxc4 29. Rxe3 fxe3 30. Bxc4+ Kf5 31. Bxg8 Kf4 32. Be6 Kxf3 33. Rxg6 e2 34. Bg4+ Ke3 35. Bxe2 Kxe2 36. Rxc6 e4 37. Kc2 e3 38. a3 Rb5 39. Rc7 Kf1 40. Rf7+ Ke1 41. Rh7 e2 42. Rh1+ Kf2 43. Rh2+ Kf1 44. Rh1+ Kg2 45. Rb1 a4 46. Kd2 Kf2 0-1

[Event "Erfurt HT op 27th"]
[Site "Erfurt"]
[Date "2017.12.29"]
[Round "6"]
[White "Denninger, David"]
[Black "Schoenrock, Ruediger"]
[Result "1/2-1/2"]
[WhiteElo "1840"]
[BlackElo "2005"]
[PlyCount "37"]
[EventDate "2017.12.26"]
[EventType "swiss"]
[EventRounds "8"]
[EventCountry "GER"]
[SourceTitle "CBM 182 Extra"]
[Source "ChessBase"]
[SourceDate "2018.02.23"]
[SourceVersion "1"]
[SourceVersionDate "2018.02.23"]
[SourceQuality "1"]

1. d4 d5 2. Bf4 Nf6 3. e3 Bf5 4. Bd3 Bxd3 5. Qxd3 c6 6. Nd2 e6 7. c3 Nbd7 8. Ngf3 Be7 9. Ne5 0-0 10. Qe2 Nxe5 11. dxe5 Nd7 12. h4 f6 13. Qg4 fxe5 14. Qxe6+ Rf7 15. Bxe5 Nxe5 16. Qxe5 Bxh4 17. Nf3 Bf6 18. Qh2 g6 19. 0-0-0 1/2-1/2

[Event "Nuremberg Zabo op 19th"]
[Site "Nuremberg"]
[Date "2017.09.16"]
[Round "3"]
[White "Langhammer, Stefan"]
[Black "Denninger, David"]
[Result "1-0"]
[WhiteElo "1909"]
[BlackElo "1634"]
[PlyCount "72"]
[EventDate "2017.09.15"]
[EventType "swiss"]
[EventRounds "5"]
[EventCountry "GER"]
[SourceTitle "EXT 2022"]
[Source "ChessBase"]
[SourceDate "2021.10.06"]
[SourceVersion "1"]
[SourceVersionDate "2021.10.06"]
[SourceQuality "1"]

1. d4 c5 2. d5 Nf6 3. g3 d6 4. Bg2 g6 5. e4 Bg7 6. Ne2 Nbd7 7. 0-0 0-0 8. c4 Ne5 9. Qc2 a6 10. a4 Bg4 11. f3 Bd7 12. f4 Neg4 13. h3 Nh6 14. Nbc3 Qc8 15. Kh2 Ne8 16. Be3 f5 17. e5 Nc7 18. e6 Be8 19. a5 Rb8 20. Rab1 b5 21. axb6 Rxb6 22. b3 Kh8 23. Bf3 Qb7 24. g4 Rb4 25. Na2 Rb6 26. Bd2 g5 27. Bc3 Bg6 28. Bxg7+ Kxg7 29. Qc3+ Kg8 30. fxg5 Nxg4+ 31. Bxg4 Qb8 32. Bf3 Nxe6 33. dxe6 d5+ 34. Kg2 d4 35. Qd3 f4 36. Be4 Rxe6 1-0

[Event "Zirndorf Cup"]
[Site "Zirndorf"]
[Date "2017.09.02"]
[Round "6"]
[White "Denninger, David"]
[Black "Herlan, Klaus Juergen"]
[Result "0-1"]
[WhiteElo "1849"]
[BlackElo "1968"]
[PlyCount "28"]
[EventDate "2017.08.30"]
[EventType "swiss"]
[EventRounds "7"]
[EventCountry "GER"]
[SourceTitle "CBM 180 Extra"]
[Source "ChessBase"]
[SourceDate "2017.10.06"]
[SourceVersion "1"]
[SourceVersionDate "2017.10.06"]
[SourceQuality "1"]

1. e4 d5 2. exd5 Nf6 3. c4 c6 4. dxc6 Nxc6 5. Nf3 e5 6. Nc3 Bf5 7. d3 Qd7 8. Bg5 Bb4 9. a3 Bxc3+ 10. bxc3 0-0-0 11. d4 exd4 12. cxd4 Rhe8+ 13. Be2 Ne4 14. Rc1 Nxg5 0-1

[Event "Zirndorf Cup"]
[Site "Zirndorf"]
[Date "2017.09.02"]
[Round "5"]
[White "Hofmann, Timo"]
[Black "Denninger, David"]
[Result "0-1"]
[WhiteElo "1820"]
[BlackElo "1849"]
[PlyCount "76"]
[EventDate "2017.08.30"]
[EventType "swiss"]
[EventRounds "7"]
[EventCountry "GER"]
[SourceTitle "CBM 180 Extra"]
[Source "ChessBase"]
[SourceDate "2017.10.06"]
[SourceVersion "1"]
[SourceVersionDate "2017.10.06"]
[SourceQuality "1"]

1. e4 e5 2. Nf3 Nc6 3. Bb5 d6 4. d3 Bd7 5. 0-0 a6 6. Ba4 b5 7. Bb3 Na5 8. Re1 Nxb3 9. axb3 Be7 10. Nbd2 Nf6 11. Nf1 0-0 12. Ng3 c5 13. h3 a5 14. Bg5 b4 15. Nh4 Nd5 16. exd5 Bxg5 17. Nf3 Be7 18. Nd2 f5 19. Nc4 Qe8 20. Qf3 Ra6 21. Nf1 Qf7 22. Ra2 Rfa8 23. Rea1 Bd8 24. Nfe3 f4 25. Nf1 g5 26. Nfd2 Qg6 27. g4 fxg3 28. Qxg3 Bf5 29. f3 R8a7 30. Ne4 h6 31. Kh2 h5 32. Rg1 g4 33. Ned2 Bg5 34. Qg2 Bf4+ 35. Kh1 g3 36. h4 Qf6 37. Qe2 Qxh4+ 38. Kg2 Bh3+ 0-1

[Event "Mittelfranken-chTB2a 1516"]
[Site "Mittelfranken"]
[Date "2015.12.06"]
[Round "4.8"]
[White "Sommer, Dieter"]
[Black "Denninger, David"]
[Result "1-0"]
[WhiteElo "1724"]
[BlackElo "1533"]
[PlyCount "59"]
[EventDate "2015.10.18"]
[EventType "team-tourn"]
[EventRounds "9"]
[EventCountry "GER"]
[SourceTitle "EXT 2020"]
[Source "ChessBase"]
[SourceDate "2019.10.17"]
[SourceVersion "1"]
[SourceVersionDate "2019.10.17"]
[SourceQuality "1"]
[WhiteTeam "Bad Windsheim/Ansbach"]
[BlackTeam "Cadolzburg"]
[WhiteTeamCountry "GER"]
[BlackTeamCountry "GER"]

1. d4 d5 2. c4 e5 3. e3 dxc4 4. Bxc4 Nf6 5. Qb3 Qd7 6. dxe5 Ne4 7. Nf3 Nc6 8. 0-0 Bb4 9. Bd5 Na5 10. Bxf7+ Qxf7 11. Qxb4 Qd5 12. Nc3 Nxc3 13. Qxc3 0-0 14. Qxc7 Rxf3 15. gxf3 Bh3 16. e6 Nc4 17. Qf7+ Kh8 18. Qf4 Ne5 19. e4 Qxe6 20. Be3 Bxf1 21. Kxf1 Rc8 22. Rc1 Rxc1+ 23. Bxc1 h6 24. b3 Qa6+ 25. Kg2 Nd3 26. Qf8+ Kh7 27. Qf5+ Kg8 28. Bd2 Kh8 29. e5 Qxa2 30. Qxd3 1-0

[Event "Mittelfranken-chTB2a 1516"]
[Site "Mittelfranken"]
[Date "2015.11.08"]
[Round "2.7"]
[White "Denninger, David"]
[Black "Schoebel, Klaus"]
[Result "0-1"]
[WhiteElo "1533"]
[BlackElo "1613"]
[PlyCount "44"]
[EventDate "2015.10.18"]
[EventType "team-tourn"]
[EventRounds "9"]
[EventCountry "GER"]
[SourceTitle "EXT 2020"]
[Source "ChessBase"]
[SourceDate "2019.10.17"]
[SourceVersion "1"]
[SourceVersionDate "2019.10.17"]
[SourceQuality "1"]
[WhiteTeam "Cadolzburg"]
[BlackTeam "Herzogenaurach III"]
[WhiteTeamCountry "GER"]
[BlackTeamCountry "GER"]

1. e4 e5 2. Nf3 d6 3. Bc4 Be7 4. d4 exd4 5. c3 Nf6 6. e5 dxe5 7. Nxe5 0-0 8. Qb3 b5 9. Bxf7+ Kh8 10. 0-0 Bd6 11. cxd4 Bb7 12. Qxb5 Ba6 13. Qb3 Bxf1 14. Bd5 Bxe5 15. Bxa8 Bxd4 16. Kxf1 Ng4 17. f3 Qh4 18. Ke2 Qf2+ 19. Kd3 Ne5+ 20. Ke4 Nbd7 21. Be3 Nc5+ 22. Kxd4 Nxb3+ 0-1

[Event "Mittelfranken-chTB2a 1314"]
[Site "Mittelfranken"]
[Date "2013.11.17"]
[Round "2.8"]
[White "Nuesslein, Christian"]
[Black "Denninger, David"]
[Result "1-0"]
[WhiteElo "1644"]
[BlackElo "1533"]
[PlyCount "103"]
[EventDate "2013.10.20"]
[EventType "team-tourn"]
[EventRounds "9"]
[EventCountry "GER"]
[SourceTitle "EXT 2020"]
[Source "ChessBase"]
[SourceDate "2019.10.17"]
[SourceVersion "1"]
[SourceVersionDate "2019.10.17"]
[SourceQuality "1"]
[WhiteTeam "Anderssen/78 Nuernberg"]
[BlackTeam "Cadolzburg"]
[WhiteTeamCountry "GER"]
[BlackTeamCountry "GER"]

1. b4 e5 2. Bb2 d6 3. c4 Bf5 4. e3 Nf6 5. Be2 Nc6 6. b5 Nb4 7. d3 d5 8. a3 dxc4 9. axb4 cxd3 10. Bf1 e4 11. Bc3 Nd5 12. Qb3 Nxc3 13. Qxc3 Qd6 14. Ra4 a6 15. Nd2 f6 16. g3 Bd7 17. Nxe4 Qe5 18. Qxe5+ fxe5 19. Bxd3 Bf5 20. Nf6+ gxf6 21. Bxf5 Bd6 22. Be4 Ra7 23. Ne2 Ke7 24. 0-0 Rg8 25. Rfa1 h5 26. bxa6 bxa6 27. b5 Rg4 28. f3 Rg8 29. Nc3 Bc5 30. Kf2 Rd8 31. Bd5 a5 32. Ke2 Kd6 33. Bc6 Ke6 34. Rc4 Bb6 35. Na4 Ke7 36. Nxb6 cxb6 37. Rd1 Rxd1 38. Kxd1 a4 39. Kc2 Kd6 40. Kb2 a3+ 41. Ka2 f5 42. Be8 Ra5 43. Rc3 Ke7 44. Bc6 Kd6 45. Rxa3 Rxa3+ 46. Kxa3 Kc5 47. Ka4 Kc4 48. Bd7 Kd3 49. Bxf5+ Kxe3 50. Bg6 Kxf3 51. Bxh5+ Ke4 52. Kb4 1-0

[Event "Mittelfranken-ch qual"]
[Site "Wachendorf"]
[Date "2013.03.27"]
[Round "1.5"]
[White "Schanz, Karlheinz"]
[Black "Denninger, David"]
[Result "1-0"]
[WhiteElo "1923"]
[BlackElo "1485"]
[PlyCount "99"]
[EventDate "2013.03.27"]
[EventType "swiss"]
[EventRounds "7"]
[EventCountry "GER"]
[SourceTitle "EXT 2022"]
[Source "ChessBase"]
[SourceDate "2021.10.06"]
[SourceVersion "1"]
[SourceVersionDate "2021.10.06"]
[SourceQuality "1"]

1. e4 e5 2. Nf3 Nc6 3. Bb5 Nf6 4. d3 d6 5. h3 Be7 6. Nc3 a6 7. Bxc6+ bxc6 8. Qe2 0-0 9. 0-0 h6 10. Nh2 d5 11. exd5 Nxd5 12. Nxd5 cxd5 13. Qxe5 Bd6 14. Qd4 Re8 15. Nf3 c5 16. Qc3 d4 17. Qd2 Qf6 18. Qd1 Bb7 19. Bd2 Bxf3 20. Qxf3 Qxf3 21. gxf3 Re2 22. Rad1 Rb8 23. b3 Rbe8 24. Rfe1 g5 25. Kf1 R2e6 26. Re4 f5 27. Rxe6 Rxe6 28. Re1 Kf7 29. c4 Rxe1+ 30. Kxe1 Kf6 31. a3 h5 32. Kf1 g4 33. Kg2 gxh3+ 34. Kxh3 Kg6 35. b4 Be7 36. b5 axb5 37. cxb5 c4 38. dxc4 Bxa3 39. b6 Bd6 40. f4 Kf6 41. Kh4 Ke6 42. Kxh5 Kd7 43. Kg5 Kc6 44. Kxf5 Kxb6 45. Ke4 Kc5 46. Kd3 Be7 47. Bc1 Bf6 48. Ba3+ Kc6 49. Ke4 Kd7 50. Bc5 1-0